Представление документа в формате MARC21

Поле Инд. ПП Название Значение
Тип записи a
Библиографический уровень b
001 Контрольный номер UNIDUBNA00d9c73e20c44c0da90114bf264ff25b
005 Дата корректировки 20250910222939.9
008 Кодируемые данные 20170331
040 b Код языка каталог. rus
e Правила каталог. PSBO
041 0_ a Код языка текста rus
084 a Индекс другой классификации/Индекс ББК 60.991.3; 88.93
100 1_ a Автор Манохина Е. В.
245 10 a Заглавие Комплекс мер "Социальная инициатива" как стартовая площадка подготовки воспитанников социально-реабилитационного центра для несовершеннолетних к самостоятельной жизни
520 0_ a Аннотация Об опыте работы по созданию клубов социализации несовершеннолетних. Работа в клубах ведется по разным направлениям и нацелена на практическую подготовку детей к самостоятельной жизни и профориентацию, на формирование у них знаний и умений, способствующих социальной адаптации.
650 14 a Основная рубрика практическая психология (прикладная психология)
a Основная рубрика психокоррекция
a Основная рубрика психология
a Основная рубрика социальная работа
653 0_ a Ключевые слова досуг
a Ключевые слова комплексная социальная помощь
a Ключевые слова коррекционно-реабилитационная работа
a Ключевые слова межведомственное взаимодействие
a Ключевые слова несовершеннолетние
a Ключевые слова подростки
a Ключевые слова профессиональная ориентация (профориентация)
a Ключевые слова психолого-педагогическая коррекция
a Ключевые слова психосоциальная реабилитация
a Ключевые слова реабилитационные технологии
a Ключевые слова самообеспечение
a Ключевые слова самостоятельность
a Ключевые слова социализация
a Ключевые слова социальная адаптация
a Ключевые слова социальная интеграция
a Ключевые слова социальное сопровождение
a Ключевые слова трудная жизненная ситуация
a Ключевые слова центры социально-психологической помощи
773 08 t Заглавие источника Работник социальной службы
d Дата издания источника 2023
g Прочая информация № 1. - С. 68 - 71
w Контрольный № источника UNIDUBNAd55c988047cf427e89d450b488b4e4c9
901 t Тип документа b